Vida do infante don Duarte / (Record no. 163348)

MARC details
000 -LEADER
campo de control de longitud fija 00866nam a2200217 i 4500
001 - NÚMERO DE CONTROL
campo de control 163348
003 - IDENTIFICADOR DE NÚMERO DE CONTROL
campo de control ES-MaACL
005 - FECHA Y HORA DE LA ÚLTIMA TRANSACCIÓN
campo de control 20230906212725.0
008 - DATOS DE LONGITUD FIJA--INFORMACIÓN GENERAL
campo de control de longitud fija 931025s1789 po |||| | por d
040 ## - FUENTE DE CATALOGACIÓN
Centro catalogador/agencia de origen CAM
Lengua de catalogación spa
Centro/agencia transcriptor PAB
100 1# - ENTRADA PRINCIPAL--NOMBRE DE PERSONA
Nombre de persona Resende, André de (
Fechas asociadas al nombre 1498-1573)
9 (RLIN) 96321
245 10 - MENCIÓN DEL TÍTULO
Título Vida do infante don Duarte /
Mención de responsabilidad, etc. pelo mestre André de Rezende, mandada publicar pela Academia Real das Sciencias de Lisboa.
260 ## - PUBLICACIÓN, DISTRIBUCIÓN, ETC.
Lugar de publicación, distribución, etc. Lisboa :
Nombre del editor, distribuidor, etc. na Offic. da Academia Real das Sciencias,
Fecha de publicación, distribución, etc. 1789.
300 ## - DESCRIPCIÓN FÍSICA
Extensión 8], 63 p. ;
Dimensiones 8º.
597 ## - NOTA DE DESCRIPCIÓN FÍSICA
NOTA DE DESCRIPCIÓN FÍSICA Sign.: ]4, A-D8.
597 ## - NOTA DE DESCRIPCIÓN FÍSICA
NOTA DE DESCRIPCIÓN FÍSICA Antep.
597 ## - NOTA DE DESCRIPCIÓN FÍSICA
NOTA DE DESCRIPCIÓN FÍSICA Port. con grab. xil.
600 14 - PUNTO DE ACCESO ADICIONAL DE MATERIA--NOMBRE DE PERSONA
Nombre de persona Duarte de Braganza
Títulos y otros términos asociados al nombre Infante de Portugal.
9 (RLIN) 155194
651 #4 - PUNTO DE ACCESO ADICIONAL DE MATERIA--NOMBRE GEOGRÁFICO
Nombre geográfico Portugal-
Subdivisión general Historia-
Subdivisión cronológica 1580-1640, Dinastía española.
9 (RLIN) 155195
852 ## - LOCALIZACIÓN
Ubicación ES-MaACL
Número de control de estantería R-2776(4)
Nota libre -- Enc. hol., falto de la enc. original
-- -- Enc. en un vol. facticio
Holdings
Estatus retirado Estado de pérdida Estado de daño No para préstamo Colección Biblioteca de origen Biblioteca actual Ubicación en estantería Fecha de adquisición Fuente de adquisición Total de préstamos Signatura topográfica completa Código de barras Visto por última vez Precio de reemplazo Tipo de ítem Koha
        Libros del s. XVIII Biblioteca del Ateneo de Madrid Biblioteca del Ateneo de Madrid Depósito 17/01/2008     R-2776(4) 1171173 23/02/2023 23/02/2023 Libro impreso antiguo